00310nam a2200133Ia 45000030006000000080041000060400015000471000019000622450054000812600006001353000006001415460012001470050017001590STCL150530s9999 xx 000 0 und d aSTCLcSTCL aCurtis, A.S.G. aCell Surface: Its Molecular role in morphogenesis c0 a0 aEnglish20220125170438.0